000 00305nam a22001337a 4500
082 _a894.812.3
_bPAN/T
100 _aPANDIKASAALA, PURUSHOTHAMAN
245 _aTHAMPAI PURANAMA
260 _aERNAKULAM
_bINDIAN SOCIETY OF AUTHORS
_c2013
300 _a183
520 _aNOVEL
650 _aNOVEL
942 _cBK
999 _c5067
_d5067